| 000 | 01648nam a2200397 a 4500 | ||
|---|---|---|---|
| 001 | ebr10495887 | ||
| 003 | CaPaEBR | ||
| 006 | m u | ||
| 007 | cr cn||||||||| | ||
| 008 | 980602s1998 ne a sb 001 0 eng d | ||
| 010 | _z 98026129 | ||
| 020 | _z1556199309 (alk. paper) | ||
| 020 | _z9027230471 (Eur.) | ||
| 020 | _z9789027230478 | ||
| 020 | _z9789027281883 (e-book) | ||
| 040 |
_aCaPaEBR _cCaPaEBR |
||
| 035 | _a(OCoLC)759160097 | ||
| 050 | 1 | 4 |
_aP147 _b.F86 1998eb |
| 082 | 0 | 4 |
_a415 _221 |
| 245 | 0 | 0 |
_aFunctional grammar and verbal interaction _h[electronic resource] / _cedited by Mike Hannay, A. Machtelt Bolkestein. |
| 260 |
_aAmsterdam ; _aPhiladelphia : _bJohn Benjamin Pub. Co., _cc1998. |
||
| 300 |
_axii, 308 p. : _bill. |
||
| 490 | 1 |
_aStudies in language companion series (SLCS), _x0165-7763 ; _vv. 44 |
|
| 504 | _aIncludes bibliographical references and indexes. | ||
| 505 | 0 | _apt. 1. Discourse and grammar -- pt. 2. The interpersonal component -- pt. 3. Information structure. | |
| 533 |
_aElectronic reproduction. _bPalo Alto, Calif. : _cebrary, _d2011. _nAvailable via World Wide Web. _nAccess may be limited to ebrary affiliated libraries. |
||
| 650 | 0 | _aFunctionalism (Linguistics) | |
| 650 | 0 | _aInterpersonal communication. | |
| 650 | 0 | _aDiscourse analysis. | |
| 655 | 7 |
_aElectronic books. _2local |
|
| 700 | 1 | _aHannay, Michael. | |
| 700 | 1 | _aBolkestein, A. Machtelt. | |
| 710 | 2 | _aebrary, Inc. | |
| 830 | 0 |
_aStudies in language companion series ; _vv. 44. |
|
| 856 | 4 | 0 |
_uhttp://site.ebrary.com/lib/rucke/Doc?id=10495887 _zAn electronic book accessible through the World Wide Web; click to view |
| 999 |
_c241365 _d241365 |
||